| 000 | 00357nam a22001337a 4500 | ||
|---|---|---|---|
| 999 |
_c12732 _d12732 |
||
| 008 | 210218b ||||| |||| 00| 0 eng d | ||
| 082 | 0 | 0 |
_a823.912 _bW838 |
| 100 |
_94038 _aWodehouse, P. G. |
||
| 245 | 1 | 0 |
_a(The) Heart of a goof _cby P. G. Wodehouse |
| 260 |
_aNew York: _bPenguin Books _c1984 |
||
| 300 | _a206p. | ||
| 650 | 0 | _aEnglish Fiction | |
| 942 | _cBK | ||